Flautas precolombinas procedentes de Quelepa, El Salvador /

Uloženo v:
Podrobná bibliografie
Hlavní autor: Andrews V., Wyllys E.
Médium: Text
Témata:
Tagy: Přidat tag
Žádné tagy, Buďte první, kdo vytvoří štítek k tomuto záznamu!

MARC

LEADER 00000 a a2200000 04500
001 797
003
040
100 |a Andrews V., Wyllys E.  
245 |a Flautas precolombinas procedentes de Quelepa, El Salvador /  |c Wyllys E. Andrews V. 
650 |a EPOCA PRECOLOMBINA  
650 |a INSTRUMENTOS MUSICALES  
773 |g número 1; páginas 1-11  
999 |c 34059  |d 34059